00385 a2200121 4500001001000000005001700010008004100027245007300068100002300141700001900164773006300183999001700246ART_1140720260410161857.0260409a 10aUn banco central independiente, como herramienta para la estabilidad1 aGastaldi, Santiago1 aFerro, Gustavo0 tRevista de Economíag- Nº 62 (ene./mar. 1991)wREV11077 c25544d25544